General microbiology

محفوظ في:
التفاصيل البيبلوغرافية
المؤلف الرئيسي: STANIER, Roger Y.
التنسيق: كتاب
اللغة:الإنجليزية
منشور في: Macmillan Press 1971
الوسوم: إضافة وسم
لا توجد وسوم, كن أول من يضع وسما على هذه التسجيلة!

MARC

LEADER 00000nam a22000007a 4500
008 201210b ||||| |||| 00| 0 eng d
020 |a 333-12502-9 
100 |a STANIER, Roger Y. 
245 |a General microbiology  |c Roger Y. Stanier, Michael Doudoroff, Edward. A. Adelberg  |g vii, 873p.; ill. 
250 |b 3rd ed. 
260 |b Macmillan Press  |c 1971  |h New York  |i 693932   |l QR41 .St1  |m Microbiology 
500 |a It includes index 
942 |a lcc  |c BK  |e ADEYEYE Y. S.  |f 10/12/2020 
952 |0 0  |1 0  |2 lcc  |4 0  |6 QR0041 S T1  |7 0  |9 386  |a HOL  |b HOL  |c QZ  |d 2020-12-10  |l 0  |o QR41 .St1   |p 2020-2119  |r 2020-12-10 00:00:00  |w 2020-12-10  |y BK 
999 |c 185  |d 185